GUYTON AND HALL TEXT BOOK OF MEDICAL PHYSIOLOGY (Record no. 8622)

MARC details
000 -LEADER
fixed length control field 00443nam a22001697a 4500
005 - DATE AND TIME OF LATEST TRANSACTION
control field 20240902131823.0
008 - FIXED-LENGTH DATA ELEMENTS--GENERAL INFORMATION
fixed length control field 240902b |||||||| |||| 00| 0 eng d
020 ## - INTERNATIONAL STANDARD BOOK NUMBER
ISBN 978-81-312-5773-9
041 ## - LANGUAGE CODE
Language code of text/sound track or separate title eng
082 ## - DEWEY DECIMAL CLASSIFICATION NUMBER
Classification number 612 HAL
100 ## - MAIN ENTRY--AUTHOR NAME
Personal name HALL, JOHN E. AND HALL, MICHEL E.
245 ## - TITLE STATEMENT
Title GUYTON AND HALL TEXT BOOK OF MEDICAL PHYSIOLOGY
260 ## - PUBLICATION, DISTRIBUTION, ETC. (IMPRINT)
Place of publication HARYANA
Name of publisher ELSEVIER
Year of publication 2021
300 ## - PHYSICAL DESCRIPTION
Number of Pages 1011;P
650 ## - SUBJECT ADDED ENTRY--TOPICAL TERM
Topical Term BMLT
942 ## - ADDED ENTRY ELEMENTS (KOHA)
Koha item type Books
Holdings
Lost status Damaged status Collection code Home library Current library Shelving location Date acquired Source of acquisition Cost, normal purchase price Full call number Accession Number Koha item type
    Bachelor of Medical Laboratory Technology JRU Library JRU Library SHELF-105-D 30/08/2024 PURCHASE 2395.00 612 28381 Books
    Bachelor of Medical Laboratory Technology JRU Library JRU Library SHELF-105-D 30/08/2024 PURCHASE 2395.00 612 28382 Books